00519 2200193 4500001002100000005001500021008004100036020001800077035002500095041000800120082001200128090001200140100002000152245006000172250001600232260003700248300002700285650001300312INLIS00000000000726520130515191410 ind  a979-3855-04-5 a0010-051300000007265 aind a297.216 a297.216 aMuhammad, Quthb aFenomena Kalam Ilahi (Bukti Kemukjizatan Al-Qur'an) c.1 aCetakan : 1 aJakartabPena Pundi Asmarac2005 axiii, 238 hlm. ;24 cm. aMukjizat